| 000 | 00373pab a2200145 454500 | ||
|---|---|---|---|
| 008 | 180718b1986 xxu||||| |||| 00| 0 eng d | ||
| 100 | _aThomas, T.M. | ||
| 245 | _aThe significance of DUTA (Delhi University Teacher's Association) strike | ||
| 260 | _c1986 | ||
| 300 | _a74-78 | ||
| 362 | _aFeb.-March | ||
| 650 | _aStrike | ||
| 773 | _aSocial Scientist | ||
| 909 | _a18572 | ||
| 999 |
_c18572 _d18572 |
||